mistrzowie Ameryki Południowej - Statystyki

Ogólne statystyki
  • Ten quiz został rozwiązany 100 razy
  • Średni wynik to 8 z 8
Statystyki odpowiedzi
Hint Odpowiedź % Poprawnych
15 tytułów Argentyna
100%
9 tytułów Brazylia
100%
2 tytuły Chile
99%
1 tytuł Kolumbia
99%
15 tytułów Urugwaj
98%
1 tytuł Boliwia
94%
2 tytuły Peru
93%
2 tytuły Paragwaj
91%
Nie znaleziono quizów pasujących do podanych kryteriów
Rozkład punktacji
Procent ludzi z każdym wynikiem
Percentyl według liczby udzielonych odpowiedzi
Twoja historia wyników
Nie rozwiązałeś tego quizu